[Event "Tradewise Gibraltar Masters 16th"]
[Site "Gibraltar"]
[Date "2018.01.28"]
[Round "6.120"]
[White "Byron, Alan M"]
[Black "Cramling Bellon, Anna"]
[Result "1/2-1/2"]
[WhiteElo "2099"]
[BlackElo "1978"]
[PlyCount "75"]
[EventDate "2018.01.23"]
[EventType "swiss"]
[EventRounds "10"]
[EventCountry "GGB"]
[SourceTitle "BritBase"]
[Source "www.saund.co.uk"]
[SourceDate "2018.02.10"]
[SourceVersion "1"]
[SourceVersionDate "2018.02.10"]
[SourceQuality "1"]

1. e4 c5 2. Nf3 d6 3. c3 Nf6 4. Bd3 g6 5. Bc2 Bg7 6. O-O Nc6 7. d3 O-O 8. h3 e5
9. Nbd2 Nh5 10. a4 Nf4 11. Nc4 Be6 12. Re1 h6 13. Bb3 g5 14. Ne3 Ne7 15. Bxe6
fxe6 16. Kh2 Qe8 17. Ng1 d5 18. g3 Nfg6 19. Rf1 Qc6 20. Qg4 d4 21. Nc4 Rad8 22.
Qe2 Qd7 23. Rd1 Nc8 24. Kg2 Nb6 25. Nxb6 axb6 26. c4 Ra8 27. b3 Ne7 28. Qg4 Kh7
29. Nf3 Ng8 30. Nh2 Qf7 31. Qe2 Qg6 32. Bd2 Nf6 33. Ng4 Nd7 34. Rg1 h5 35. Nh2
Bh6 36. Raf1 Qf7 37. Kh1 Rg8 38. Bc1 1/2-1/2

[Event "Tradewise Gibraltar Masters 16th"]
[Site "Gibraltar"]
[Date "2018.01.28"]
[Round "6.121"]
[White "Pabalan, Rocky"]
[Black "Edvardsen, Ragnar"]
[Result "1-0"]
[WhiteElo "2098"]
[BlackElo "1968"]
[PlyCount "87"]
[EventDate "2018.01.23"]
[EventType "swiss"]
[EventRounds "10"]
[EventCountry "GGB"]
[SourceTitle "BritBase"]
[Source "www.saund.co.uk"]
[SourceDate "2018.02.10"]
[SourceVersion "1"]
[SourceVersionDate "2018.02.10"]
[SourceQuality "1"]

1. e4 e5 2. Bc4 Nc6 3. d3 Nf6 4. Nc3 Bb4 5. Nge2 O-O 6. O-O Na5 7. Bg5 Be7 8.
Ng3 d6 9. a4 Nxc4 10. dxc4 Be6 11. Qd3 Nd7 12. Bxe7 Qxe7 13. Nd5 Qd8 14. a5 Nc5
15. Qc3 f5 16. f4 Nxe4 17. Nxe4 fxe4 18. fxe5 dxe5 19. Qxe5 Bxd5 20. Rxf8+ Qxf8
21. Qxd5+ Qf7 22. Qxb7 Rf8 23. Qd5 Qxd5 24. cxd5 Rd8 25. Rd1 Kf7 26. Kf2 Kf6
27. Ke3 Ke5 28. Rd4 Rxd5 29. Rxe4+ Kf6 30. b4 Rb5 31. Rc4 Re5+ 32. Kd3 Rd5+ 33.
Kc3 Rd7 34. Rc6+ Kf5 35. Ra6 c5 36. b5 Ke5 37. Kc4 Rd2 38. c3 Rxg2 39. Rxa7
Rxh2 40. Rxg7 Kd6 41. b6 h5 42. b7 Rb2 43. a6 Kc6 44. a7 1-0

[Event "Tradewise Gibraltar Masters 16th"]
[Site "Gibraltar"]
[Date "2018.01.28"]
[Round "6.122"]
[White "Mayank, Pal"]
[Black "Marder, Simon"]
[Result "1/2-1/2"]
[WhiteElo "1834"]
[BlackElo "2054"]
[PlyCount "61"]
[EventDate "2018.01.23"]
[EventType "swiss"]
[EventRounds "10"]
[EventCountry "GGB"]
[SourceTitle "BritBase"]
[Source "www.saund.co.uk"]
[SourceDate "2018.02.10"]
[SourceVersion "1"]
[SourceVersionDate "2018.02.10"]
[SourceQuality "1"]

1. Nf3 b6 2. e4 Bb7 3. Nc3 e6 4. d4 g6 5. Bd3 Bg7 6. Be3 d6 7. Qd2 Nd7 8. O-O
h6 9. h3 Ne7 10. Rad1 Kf8 11. Qe2 Kg8 12. Nh2 Kh7 13. f4 f5 14. e5 Nd5 15. Nxd5
exd5 16. g4 c5 17. gxf5 dxe5 18. fxg6+ Kg8 19. Qg4 Qe7 20. Bf5 exd4 21. Bf2 Nf6
22. Be6+ Kf8 23. Qf5 Ke8 24. Bh4 Rf8 25. Rfe1 Ne4 26. Bxe7 Rxf5 27. Bxf5 Kxe7
28. Bg4 Rf8 29. f5 Be5 30. Kg2 h5 31. Bxh5 1/2-1/2

[Event "Tradewise Gibraltar Masters 16th"]
[Site "Gibraltar"]
[Date "2018.01.28"]
[Round "6.123"]
[White "Bryant, Richard B E"]
[Black "Ansari, Athar"]
[Result "1-0"]
[WhiteElo "2016"]
[BlackElo "1919"]
[PlyCount "37"]
[EventDate "2018.01.23"]
[EventType "swiss"]
[EventRounds "10"]
[EventCountry "GGB"]
[SourceTitle "BritBase"]
[Source "www.saund.co.uk"]
[SourceDate "2018.02.10"]
[SourceVersion "1"]
[SourceVersionDate "2018.02.10"]
[SourceQuality "1"]

1. e4 c5 2. Nc3 a6 3. g3 Nc6 4. Bg2 Nf6 5. d3 Nd4 6. f4 d6 7. h3 g6 8. Nf3 Bg7
9. g4 Nxf3+ 10. Qxf3 e5 11. f5 Qb6 12. g5 Nh5 13. Nd5 Qc6 14. O-O Bd7 15. Bd2
b6 16. fxg6 fxg6 17. Qf7+ Kd8 18. Bf3 Rf8 19. Qe7+ 1-0

[Event "Tradewise Gibraltar Masters 16th"]
[Site "Gibraltar"]
[Date "2018.01.28"]
[Round "6.124"]
[White "Safarian, Alek"]
[Black "Lochte, Szilvia"]
[Result "1-0"]
[WhiteElo "2006"]
[BlackElo "1862"]
[PlyCount "68"]
[EventDate "2018.01.23"]
[EventType "swiss"]
[EventRounds "10"]
[EventCountry "GGB"]
[SourceTitle "BritBase"]
[Source "www.saund.co.uk"]
[SourceDate "2018.02.10"]
[SourceVersion "1"]
[SourceVersionDate "2018.02.10"]
[SourceQuality "1"]

1. d4 d5 2. c4 c6 3. Nc3 Nf6 4. e3 Bf5 5. Nf3 e6 6. h3 h6 7. Bd3 Bxd3 8. Qxd3
Nbd7 9. O-O Be7 10. b3 O-O 11. Bb2 Qc7 12. Rac1 a5 13. Rfd1 Rad8 14. a3 Qb8 15.
e4 dxe4 16. Nxe4 Qf4 17. Nc3 Nc5 18. Qc2 Nce4 19. Re1 Ng5 20. Nxg5 Qxg5 21.
Rcd1 Bd6 22. Ne4 Nxe4 23. Rxe4 Qf5 24. Qe2 Be7 25. Re5 Qf4 26. g3 Qf6 27. d5
Bc5 28. Re4 Qf5 29. Rg4 g6 30. Rf4 Qxh3 31. Qf3 Qh5 32. g4 Qh4 33. Bf6 g5 34.
Bxd8 gxf4 1-0

[Event "Tradewise Gibraltar Masters 16th"]
[Site "Gibraltar"]
[Date "2018.01.28"]
[Round "6.125"]
[White "Gravett, Alan D"]
[Black "Helin, Mikael"]
[Result "0-1"]
[WhiteElo "1825"]
[BlackElo "1962"]
[PlyCount "48"]
[EventDate "2018.01.23"]
[EventType "swiss"]
[EventRounds "10"]
[EventCountry "GGB"]
[SourceTitle "BritBase"]
[Source "www.saund.co.uk"]
[SourceDate "2018.02.10"]
[SourceVersion "1"]
[SourceVersionDate "2018.02.10"]
[SourceQuality "1"]

1. g3 e5 2. Bg2 Nc6 3. e4 g6 4. d3 Bg7 5. Ne2 d6 6. O-O h5 7. h4 Be6 8. Nbc3
Qd7 9. Kh2 O-O-O 10. a4 f6 11. a5 g5 12. a6 b6 13. Nd5 Nge7 14. hxg5 Ng8 15.
Rh1 h4 16. g4 h3 17. Bf1 Bxg4 18. gxf6 Nd4 19. Ne7+ Nxe7 20. fxg7 Nf3+ 21. Kg3
Rh7 22. Bg2 Rxg7 23. Bxf3 Bh5+ 24. Kh2 Bxf3 0-1

[Event "Tradewise Gibraltar Masters 16th"]
[Site "Gibraltar"]
[Date "2018.01.28"]
[Round "6.126"]
[White "Odeh, Kenneth"]
[Black "Francois-Haugrin, Said"]
[Result "1-0"]
[WhiteElo "1922"]
[BlackElo "1714"]
[PlyCount "67"]
[EventDate "2018.01.23"]
[EventType "swiss"]
[EventRounds "10"]
[EventCountry "GGB"]
[SourceTitle "BritBase"]
[Source "www.saund.co.uk"]
[SourceDate "2018.02.10"]
[SourceVersion "1"]
[SourceVersionDate "2018.02.10"]
[SourceQuality "1"]

1. e4 c5 2. Nc3 Nc6 3. g3 g6 4. Bg2 Bg7 5. d3 d6 6. Be3 a6 7. Qd2 b5 8. Nge2 b4
9. Nd1 Rb8 10. O-O Nf6 11. h3 O-O 12. f4 Nd4 13. Nxd4 cxd4 14. Bxd4 e5 15. fxe5
dxe5 16. Bxe5 Nxe4 17. Qf4 Qb6+ 18. Kh2 Bxe5 19. Qxe5 Nc5 20. Nf2 Bf5 21. d4
Nd7 22. Qf4 Bxc2 23. Rac1 Rbc8 24. Rfe1 Rc4 25. Qd2 Rfc8 26. d5 Qf6 27. Ng4
Qxb2 28. Re7 Rxg4 29. hxg4 Ne5 30. Rxe5 Qxe5 31. Rxc2 Rxc2 32. Qxc2 Qg5 33. Qd1
Qh6+ 34. Bh3 1-0

[Event "Tradewise Gibraltar Masters 16th"]
[Site "Gibraltar"]
[Date "2018.01.28"]
[Round "6.127"]
[White "Yilmaz, Kazim"]
[Black "Mozelius, Peter"]
[Result "1/2-1/2"]
[WhiteElo "1656"]
[BlackElo "1871"]
[PlyCount "170"]
[EventDate "2018.01.23"]
[EventType "swiss"]
[EventRounds "10"]
[EventCountry "GGB"]
[SourceTitle "BritBase"]
[Source "www.saund.co.uk"]
[SourceDate "2018.02.10"]
[SourceVersion "1"]
[SourceVersionDate "2018.02.10"]
[SourceQuality "1"]

1. e4 g6 2. Nf3 Bg7 3. Nc3 c5 4. Bc4 e6 5. O-O Nc6 6. d3 a6 7. a4 d6 8. Bg5
Nge7 9. Qd2 h6 10. Bf4 g5 11. Bg3 e5 12. Nd5 Nxd5 13. Bxd5 Ne7 14. Bc4 Ng6 15.
c3 O-O 16. d4 Bg4 17. dxe5 Bxf3 18. gxf3 Nxe5 19. Bxe5 Bxe5 20. Kh1 Qd7 21. Kg2
Bf4 22. Qe2 Kh8 23. Rh1 Qe7 24. Rad1 Rae8 25. Rd5 Be5 26. Qe3 f5 27. exf5 Rxf5
28. Bd3 Rf6 29. Re1 Qf7 30. c4 Rf8 31. Be4 Qh5 32. h3 Rf4 33. b3 Rh4 34. Rh1
Qf7 35. Re1 Qe6 36. Rh1 Qf6 37. Rhd1 Rf4 38. R1d3 h5 39. Rd1 Kg7 40. Rh1 Bd4
41. Qd3 Be5 42. Qe3 Re8 43. Qe2 Bd4 44. Qd3 Rexe4 45. Rc1 Re5 46. Rxe5 Qxe5 47.
Rd1 Qf5 48. Qe2 Be5 49. Rd5 Rd4 50. Rxd4 cxd4 51. b4 d3 52. Qd1 Bc3 53. b5 d2
54. bxa6 bxa6 55. Qb3 Qf6 56. Qb7+ Kh6 57. Qb3 Qe5 58. Qc2 Bb4 59. Qd3 a5 60.
Qc2 Qa1 61. Qf5 Bc3 62. Qf8+ Bg7 63. Qxd6+ Bf6 64. Qf8+ Kh7 65. Qf7+ Kh6 66.
Qf8+ Bg7 67. Qd6+ Bf6 68. Qf8+ Bg7 69. Qd6+ Qf6 70. Qxd2 Qb6 71. Qd5 Bd4 72.
Qf7 Qd6 73. Qf5 Bc5 74. Qf7 Bb4 75. Qf5 Qe7 76. Qd5 Qd6 77. Qf5 Bc5 78. Qf7 Qe5
79. Qg8 Bd6 80. Qf7 h4 81. Qd7 Kg6 82. Qc8 Kh6 83. Qd7 Qh2+ 84. Kf1 Qe5 85. Kg2
Qh2+ 1/2-1/2

[Event "Tradewise Gibraltar Masters 16th"]
[Site "Gibraltar"]
[Date "2018.01.29"]
[Round "7.2"]
[White "Howell, David W L"]
[Black "Saric, Ivan"]
[Result "1-0"]
[WhiteElo "2682"]
[BlackElo "2664"]
[PlyCount "105"]
[EventDate "2018.01.23"]
[EventType "swiss"]
[EventRounds "10"]
[EventCountry "GGB"]
[SourceTitle "BritBase"]
[Source "www.saund.co.uk"]
[SourceDate "2018.02.10"]
[SourceVersion "1"]
[SourceVersionDate "2018.02.10"]
[SourceQuality "1"]

1. Nf3 d5 2. g3 Bg4 3. Bg2 c6 4. O-O e6 5. c4 Nf6 6. cxd5 Bxf3 7. Bxf3 cxd5 8.
Nc3 Nc6 9. d4 Be7 10. e3 O-O 11. Bd2 Rc8 12. Rc1 Ne8 13. Ne2 Nd6 14. Nf4 Qb6
15. Bc3 Rfd8 16. a3 Nb5 17. Bd2 Bg5 18. Nd3 Nd6 19. Bc3 Nb5 20. Bd2 Nd6 21. Rc2
h6 22. Kg2 Nc4 23. Bc1 a5 24. Rc3 Be7 25. Be2 Qa7 26. Qa4 Rb8 27. Qb5 Rdc8 28.
Nc5 Bxc5 29. Qxc5 Qa8 30. Qb5 Na7 31. Qb3 b5 32. Qd1 a4 33. b3 b4 34. axb4 Nb5
35. Rd3 a3 36. bxc4 dxc4+ 37. Bf3 Qa6 38. Rd2 a2 39. Bb2 c3 40. Rc2 cxb2 41.
Rxb2 Nc3 42. Qa1 Qa3 43. Rc1 Rxb4 44. Rxa2 Qxa2 45. Qxa2 Nxa2 46. Rxc8+ Kh7 47.
d5 exd5 48. Rc2 Ra4 49. Bxd5 Nb4 50. Rc4 Ra5 51. Be4+ f5 52. Rxb4 fxe4 53. Rxe4
1-0

[Event "Tradewise Gibraltar Masters 16th"]
[Site "Gibraltar"]
[Date "2018.01.29"]
[Round "7.3"]
[White "Vachier-Lagrave, Maxime"]
[Black "Sandipan, Chanda"]
[Result "1-0"]
[WhiteElo "2793"]
[BlackElo "2579"]
[PlyCount "89"]
[EventDate "2018.01.23"]
[EventType "swiss"]
[EventRounds "10"]
[EventCountry "GGB"]
[SourceTitle "BritBase"]
[Source "www.saund.co.uk"]
[SourceDate "2018.02.10"]
[SourceVersion "1"]
[SourceVersionDate "2018.02.10"]
[SourceQuality "1"]

1. e4 g6 2. d4 Bg7 3. Nc3 c6 4. Nf3 d5 5. h3 Nf6 6. e5 Ne4 7. Nxe4 dxe4 8. Ng5
c5 9. dxc5 Qxd1+ 10. Kxd1 Bxe5 11. Nxe4 O-O 12. c3 Rd8+ 13. Kc2 Bf5 14. f3 Nd7
15. Be3 Rdc8 16. Bd3 Bxe4 17. Bxe4 Nxc5 18. Bxc5 Rxc5 19. Bxb7 Rb8 20. Be4 h5
21. Rhd1 h4 22. Rd5 Rxd5 23. Bxd5 Rd8 24. Rd1 Kg7 25. Rd3 f5 26. b4 Kf6 27. c4
Kg5 28. c5 Kf4 29. a4 Kg3 30. Bf7 Rf8 31. Bxg6 Kf4 32. Rd2 Kg5 33. Rd5 Bb8 34.
Bh7 e6 35. Rd7 Kh6 36. Kd3 Rc8 37. a5 a6 38. Re7 Bg3 39. Kc4 Ra8 40. Bg8 Rxg8
41. Rxe6+ Kg5 42. Rxa6 Be5 43. Re6 Kf4 44. b5 Rxg2 45. b6 1-0

[Event "Tradewise Gibraltar Masters 16th"]
[Site "Gibraltar"]
[Date "2018.01.29"]
[Round "7.4"]
[White "Aronian, Levon"]
[Black "Short, Nigel D"]
[Result "1-0"]
[WhiteElo "2797"]
[BlackElo "2681"]
[PlyCount "77"]
[EventDate "2018.01.23"]
[EventType "swiss"]
[EventRounds "10"]
[EventCountry "GGB"]
[SourceTitle "BritBase"]
[Source "www.saund.co.uk"]
[SourceDate "2018.02.10"]
[SourceVersion "1"]
[SourceVersionDate "2018.02.10"]
[SourceQuality "1"]

1. c4 e5 2. Nc3 d6 3. Nf3 f5 4. g3 Nc6 5. d4 e4 6. d5 Ne5 7. Nxe5 dxe5 8. g4
Bc5 9. Qb3 Nf6 10. Qb5+ Nd7 11. h4 a6 12. Qb3 e3 13. Bxe3 Bxe3 14. fxe3 fxg4
15. Ne4 Nf6 16. Bg2 O-O 17. c5 Kh8 18. O-O-O Bf5 19. Ng3 Bg6 20. h5 Nxh5 21.
Nxh5 Rf2 22. Bf1 Qf8 23. Ng3 Qxc5+ 24. Qc3 Qe7 25. e4 Qg5+ 26. Kb1 Qf4 27. Ka1
Rf8 28. Rg1 Rf7 29. e3 Qg5 30. Bc4 Rd7 31. Qb4 b5 32. Nf5 h5 33. Qe1 Rf3 34.
Be2 Rh3 35. Bf1 Bxf5 36. Bxh3 Bxe4 37. Bg2 Bxg2 38. Rxg2 h4 39. Qb4 1-0

[Event "Tradewise Gibraltar Masters 16th"]
[Site "Gibraltar"]
[Date "2018.01.29"]
[Round "7.5"]
[White "Navara, David"]
[Black "Gupta, Abhijeet"]
[Result "1/2-1/2"]
[WhiteElo "2749"]
[BlackElo "2610"]
[PlyCount "83"]
[EventDate "2018.01.23"]
[EventType "swiss"]
[EventRounds "10"]
[EventCountry "GGB"]
[SourceTitle "BritBase"]
[Source "www.saund.co.uk"]
[SourceDate "2018.02.10"]
[SourceVersion "1"]
[SourceVersionDate "2018.02.10"]
[SourceQuality "1"]

1. d4 Nf6 2. c4 g6 3. Nf3 Bg7 4. g3 O-O 5. Bg2 c6 6. Nc3 d5 7. cxd5 cxd5 8. Ne5
e6 9. Bg5 Qb6 10. O-O Nfd7 11. Nd3 Nc6 12. e3 Nf6 13. Rc1 h6 14. Bf4 Qd8 15. g4
Qe7 16. h3 Rd8 17. Bg3 Bd7 18. f4 Na5 19. Ne5 Nc4 20. Qe2 Nd6 21. Bh4 Be8 22.
Rf2 b5 23. a3 a5 24. Bxd5 exd5 25. Nxd5 Qe6 26. Nxf6+ Bxf6 27. f5 Qe7 28. Bxf6
Qxf6 29. fxg6 Qe6 30. Rc7 f6 31. Nd3 Ne4 32. Nf4 Qb3 33. Qf3 Nxf2 34. Nh5 Ne4
35. Qxe4 Qd1+ 36. Kf2 Qd2+ 37. Kf3 Qd1+ 38. Kf4 Qf1+ 39. Kg3 Qe1+ 40. Kg2 Qe2+
41. Kg3 Qe1+ 42. Kg2 1/2-1/2

[Event "Tradewise Gibraltar Masters 16th"]
[Site "Gibraltar"]
[Date "2018.01.29"]
[Round "7.6"]
[White "Harikrishna, Pentala"]
[Black "Oparin, Grigoriy"]
[Result "0-1"]
[WhiteElo "2745"]
[BlackElo "2607"]
[PlyCount "92"]
[EventDate "2018.01.23"]
[EventType "swiss"]
[EventRounds "10"]
[EventCountry "GGB"]
[SourceTitle "BritBase"]
[Source "www.saund.co.uk"]
[SourceDate "2018.02.10"]
[SourceVersion "1"]
[SourceVersionDate "2018.02.10"]
[SourceQuality "1"]

1. e4 c5 2. Nf3 d6 3. d4 cxd4 4. Nxd4 Nf6 5. Nc3 a6 6. a3 Nc6 7. Bc4 e6 8. Ba2
Be7 9. O-O O-O 10. Kh1 Qc7 11. Bg5 h6 12. Be3 b5 13. Qf3 Rb8 14. Bb3 Na5 15.
Qg3 Kh8 16. f4 Nxb3 17. Nxb3 b4 18. axb4 Rxb4 19. Bd4 Bb7 20. Rad1 a5 21. e5
dxe5 22. Bxe5 Qb6 23. Bd4 Qc7 24. Be5 Qb6 25. Rd7 Bd8 26. Rfd1 Bc6 27. R7d6 Be7
28. R6d3 Rg8 29. Bd4 Qc7 30. Be5 Qb6 31. Bd4 Qa6 32. Qh4 Kh7 33. Qh3 a4 34. Nd2
Rxb2 35. Nf3 Bxf3 36. Qxf3 Rxc2 37. Bxf6 Bxf6 38. Qe4+ Kh8 39. Rd6 Qxd6 40.
Rxd6 Rxc3 41. g3 a3 42. Ra6 Rgc8 43. f5 Rc1+ 44. Kg2 R1c2+ 45. Kh3 a2 46. fxe6
fxe6 0-1

[Event "Tradewise Gibraltar Masters 16th"]
[Site "Gibraltar"]
[Date "2018.01.29"]
[Round "7.7"]
[White "Grandelius, Nils"]
[Black "Vitiugov, Nikita"]
[Result "1/2-1/2"]
[WhiteElo "2647"]
[BlackElo "2732"]
[PlyCount "73"]
[EventDate "2018.01.23"]
[EventType "swiss"]
[EventRounds "10"]
[EventCountry "GGB"]
[SourceTitle "BritBase"]
[Source "www.saund.co.uk"]
[SourceDate "2018.02.10"]
[SourceVersion "1"]
[SourceVersionDate "2018.02.10"]
[SourceQuality "1"]

1. e4 e5 2. Nf3 Nc6 3. Bb5 a6 4. Ba4 Nf6 5. O-O Nxe4 6. d4 b5 7. Bb3 d5 8. dxe5
Be6 9. c3 Be7 10. Nbd2 O-O 11. Bc2 f5 12. Nb3 Qd7 13. Nbd4 Nxd4 14. Nxd4 c5 15.
Nxe6 Qxe6 16. a4 Rad8 17. axb5 axb5 18. f3 Ng5 19. Ra7 Rd7 20. Rxd7 Qxd7 21.
Bxg5 Bxg5 22. f4 Be7 23. Qf3 c4 24. Rd1 Bc5+ 25. Kh1 Rd8 26. b3 g6 27. h3 Kh8
28. Kh2 Qe6 29. bxc4 bxc4 30. Rd2 d4 31. cxd4 Rxd4 32. Rxd4 Bxd4 33. Qa8+ Kg7
34. Qb7+ Kh6 35. Qb4 Kg7 36. Qb7+ Kh6 37. Qb4 1/2-1/2

[Event "Tradewise Gibraltar Masters 16th"]
[Site "Gibraltar"]
[Date "2018.01.29"]
[Round "7.8"]
[White "Duda, Jan-Krzysztof"]
[Black "Esipenko, Andrey"]
[Result "1/2-1/2"]
[WhiteElo "2724"]
[BlackElo "2571"]
[PlyCount "112"]
[EventDate "2018.01.23"]
[EventType "swiss"]
[EventRounds "10"]
[EventCountry "GGB"]
[SourceTitle "BritBase"]
[Source "www.saund.co.uk"]
[SourceDate "2018.02.10"]
[SourceVersion "1"]
[SourceVersionDate "2018.02.10"]
[SourceQuality "1"]

1. e4 c6 2. d4 d5 3. Nc3 dxe4 4. Nxe4 Bf5 5. Ng3 Bg6 6. h4 h6 7. Nf3 Nd7 8. h5
Bh7 9. Bd3 Bxd3 10. Qxd3 e6 11. Bd2 Ngf6 12. O-O-O Be7 13. Kb1 Qb6 14. c4 Rd8
15. Bf4 O-O 16. Qc2 Rfe8 17. Nf1 c5 18. d5 exd5 19. cxd5 Ng4 20. N3h2 Nxh2 21.
Rxh2 Bf6 22. Rh3 c4 23. Ne3 c3 24. b3 Rc8 25. d6 Qb5 26. Rhh1 a5 27. Rd5 Qb4
28. Rf5 Rc5 29. Rxc5 Qxc5 30. Rd1 a4 31. Nd5 axb3 32. axb3 Ra8 33. Nc7 Ra5 34.
Rd5 Qa3 35. Rxa5 Qxa5 36. g4 Qc5 37. Qe2 Qd4 38. Bc1 Qxd6 39. Ne8 Qc6 40. Nxf6+
Nxf6 41. f3 b5 42. Qd3 Nd5 43. Qe4 b4 44. Kc2 Qd7 45. Kd3 Nb6+ 46. Kc2 Qb5 47.
Qe7 Nd5 48. Qe5 f6 49. Qe4 Kf8 50. Qe6 Ne7 51. Bf4 Qd5 52. Qd6 Qxf3 53. Qxb4
Qf2+ 54. Kd3 Qf3+ 55. Kc2 Qf2+ 56. Kd3 Qf3+ 1/2-1/2

[Event "Tradewise Gibraltar Masters 16th"]
[Site "Gibraltar"]
[Date "2018.01.29"]
[Round "7.9"]
[White "Vocaturo, Daniele"]
[Black "Adams, Michael"]
[Result "1/2-1/2"]
[WhiteElo "2609"]
[BlackElo "2709"]
[PlyCount "76"]
[EventDate "2018.01.23"]
[EventType "swiss"]
[EventRounds "10"]
[EventCountry "GGB"]
[SourceTitle "BritBase"]
[Source "www.saund.co.uk"]
[SourceDate "2018.02.10"]
[SourceVersion "1"]
[SourceVersionDate "2018.02.10"]
[SourceQuality "1"]

1. e4 e5 2. Nf3 Nc6 3. Bc4 Bc5 4. c3 Nf6 5. d3 d6 6. a4 a6 7. Bg5 h6 8. Bh4 Ba7
9. Nbd2 Qe7 10. O-O Be6 11. b4 O-O 12. Re1 Rfe8 13. a5 Nb8 14. d4 Nbd7 15. dxe5
dxe5 16. Qb3 g5 17. Bg3 Nh5 18. Rad1 f6 19. Nf1 Nf8 20. Ne3 Bxe3 21. Rxe3 Qf7
22. Bxe6 Nxe6 23. Red3 Nef4 24. Qxf7+ Kxf7 25. Rd7+ Re7 26. Kf1 Ne6 27. Ne1 c5
28. Nc2 cxb4 29. Nxb4 Rc8 30. Rxe7+ Kxe7 31. Nd5+ Kf7 32. Rb1 Nd8 33. f3 Ke6
34. Ke2 Rc5 35. Rb6+ Rc6 36. Rb1 Rc5 37. Rb6+ Rc6 38. Rb1 Rc5 1/2-1/2

[Event "Tradewise Gibraltar Masters 16th"]
[Site "Gibraltar"]
[Date "2018.01.29"]
[Round "7.10"]
[White "Rapport, Richard"]
[Black "Huzman, Alexander"]
[Result "1-0"]
[WhiteElo "2700"]
[BlackElo "2561"]
[PlyCount "93"]
[EventDate "2018.01.23"]
[EventType "swiss"]
[EventRounds "10"]
[EventCountry "GGB"]
[SourceTitle "BritBase"]
[Source "www.saund.co.uk"]
[SourceDate "2018.02.10"]
[SourceVersion "1"]
[SourceVersionDate "2018.02.10"]
[SourceQuality "1"]

1. d4 Nf6 2. c4 e6 3. g3 d5 4. Bg2 Be7 5. Nf3 O-O 6. O-O dxc4 7. Qc2 b6 8. Bg5
Nd5 9. Bxe7 Qxe7 10. Nbd2 Ba6 11. Nxc4 c5 12. Rfc1 Nd7 13. Qa4 Bb7 14. Qa3 N5f6
15. dxc5 Nxc5 16. Na5 Bd5 17. Ne5 Bxg2 18. Kxg2 Nfd7 19. Nac6 Qe8 20. b4 f6 21.
Nc4 Nb7 22. Rd1 b5 23. Ne3 Nb6 24. Rac1 a6 25. Na5 Nxa5 26. bxa5 Nd7 27. Qb3
Rf7 28. Rd6 Nf8 29. Rcc6 Rd7 30. Nc2 Rxd6 31. Rxd6 Qb8 32. Rb6 Qe5 33. Qf3 Rc8
34. Nb4 Rc4 35. Nc6 Qc5 36. Rxa6 Rc3 37. Ne7+ Kf7 38. Rc6 Rxf3 39. Rxc5 Ra3 40.
Nc6 Rxa2 41. Rxb5 f5 42. Rb8 g5 43. Ra8 Rc2 44. Nd8+ Ke7 45. a6 Kd7 46. a7 Ra2
47. Nf7 1-0

[Event "Tradewise Gibraltar Masters 16th"]
[Site "Gibraltar"]
[Date "2018.01.29"]
[Round "7.12"]
[White "Gelfand, Boris"]
[Black "Deac, Bogdan-Daniel"]
[Result "1/2-1/2"]
[WhiteElo "2697"]
[BlackElo "2549"]
[PlyCount "68"]
[EventDate "2018.01.23"]
[EventType "swiss"]
[EventRounds "10"]
[EventCountry "GGB"]
[SourceTitle "BritBase"]
[Source "www.saund.co.uk"]
[SourceDate "2018.02.10"]
[SourceVersion "1"]
[SourceVersionDate "2018.02.10"]
[SourceQuality "1"]

1. Nf3 d5 2. d4 Nf6 3. c4 e6 4. g3 Be7 5. Bg2 O-O 6. O-O dxc4 7. Qc2 b6 8. Bg5
Nd5 9. Bxe7 Qxe7 10. Nbd2 Bb7 11. Nxc4 Nd7 12. a3 c5 13. dxc5 Qxc5 14. b4 Qc7
15. Rac1 Rac8 16. Qb2 Qb8 17. Rfd1 Rc7 18. Nce5 Nxe5 19. Qxe5 Rxc1 20. Rxc1 h6
21. h4 Qa8 22. Nd4 Rc8 23. Rxc8+ Qxc8 24. Nb5 a6 25. Nd6 Qc1+ 26. Kh2 Nf6 27.
Qd4 Bxg2 28. Kxg2 Qc6+ 29. e4 Kf8 30. Nc4 b5 31. Qd8+ Qe8 32. Qd6+ Qe7 33. Qb8+
Qe8 34. Qd6+ Qe7 1/2-1/2

[Event "Tradewise Gibraltar Masters 16th"]
[Site "Gibraltar"]
[Date "2018.01.29"]
[Round "7.13"]
[White "Henderson De La Fuente, Lance"]
[Black "Dubov, Daniil"]
[Result "0-1"]
[WhiteElo "2429"]
[BlackElo "2694"]
[PlyCount "90"]
[EventDate "2018.01.23"]
[EventType "swiss"]
[EventRounds "10"]
[EventCountry "GGB"]
[SourceTitle "BritBase"]
[Source "www.saund.co.uk"]
[SourceDate "2018.02.10"]
[SourceVersion "1"]
[SourceVersionDate "2018.02.10"]
[SourceQuality "1"]

1. e4 c5 2. Nf3 Nc6 3. d4 cxd4 4. Nxd4 Nf6 5. Nc3 e5 6. Ndb5 d6 7. Bg5 a6 8.
Na3 b5 9. Nd5 Be7 10. Bxf6 Bxf6 11. c3 Rb8 12. Nc2 Bg5 13. a4 bxa4 14. Ncb4
Nxb4 15. cxb4 O-O 16. Rxa4 a5 17. b5 Bd7 18. Nc3 d5 19. Nxd5 Bxb5 20. Bxb5 Rxb5
21. O-O Rxb2 22. Qa1 Rb5 23. Qxe5 Kh8 24. Qc3 f5 25. Nc7 Bd2 26. Qc4 Re5 27.
Ne6 Qe8 28. exf5 Rfxf5 29. Nd4 Rxf2 30. Rxf2 Re1+ 31. Rf1 Qxa4 32. Qd3 Rxf1+
33. Kxf1 Qd1+ 34. Kf2 Be1+ 35. Ke3 Bf2+ 36. Ke4 Qxd3+ 37. Kxd3 Bxd4 38. Kxd4 g5
39. Kc4 Kg7 40. Kb5 Kf6 41. Kxa5 Ke5 42. Kb5 Ke4 43. Kc5 Ke3 44. Kd5 Kf2 45. g3
g4 0-1

[Event "Tradewise Gibraltar Masters 16th"]
[Site "Gibraltar"]
[Date "2018.01.29"]
[Round "7.14"]
[White "Pichot, Alan"]
[Black "Le, Quang Liem"]
[Result "1/2-1/2"]
[WhiteElo "2552"]
[BlackElo "2737"]
[PlyCount "84"]
[EventDate "2018.01.23"]
[EventType "swiss"]
[EventRounds "10"]
[EventCountry "GGB"]
[SourceTitle "BritBase"]
[Source "www.saund.co.uk"]
[SourceDate "2018.02.10"]
[SourceVersion "1"]
[SourceVersionDate "2018.02.10"]
[SourceQuality "1"]

1. e4 e6 2. d4 d5 3. Nd2 c5 4. exd5 Qxd5 5. Ngf3 cxd4 6. Bc4 Qd6 7. O-O Nf6 8.
Nb3 Nc6 9. Nbxd4 Nxd4 10. Nxd4 a6 11. Re1 Qc7 12. Bb3 Bd6 13. Nf5 Bxh2+ 14. Kh1
O-O 15. Nxg7 Rd8 16. Qf3 Kxg7 17. Bh6+ Kg6 18. c3 Nh5 19. Be3 f5 20. Rad1 Rxd1
21. Bxd1 Nf6 22. g3 Bd7 23. Kxh2 Bc6 24. Qe2 Re8 25. Qc4 Ne4 26. Bf3 b5 27. Qf1
Nf6 28. Be2 h5 29. Qh3 Qg7 30. Rd1 Ng4+ 31. Kg1 Bd5 32. Bd4 Qb7 33. Re1 Bf3 34.
Bxf3 Qxf3 35. Qg2 Qxg2+ 36. Kxg2 Kf7 37. f3 Nf6 38. Kf2 Nd7 39. Rh1 e5 40. Be3
Rh8 41. Rh4 Nf6 42. a4 Nd5 1/2-1/2